| 000 | 00990nam a22002897a 4500 | ||
|---|---|---|---|
| 999 |
_c20060 _d20060 |
||
| 005 | 20191224042344.0 | ||
| 008 | 180103b 2012ck ||||| |||| 00| 0 spa d | ||
| 020 | _a9789585774506 | ||
| 040 |
_aCO-BoIAVH _cCO-BoIAVH |
||
| 041 | _aspa | ||
| 044 | _ack | ||
| 082 |
_a341.42 _bM29e |
||
| 100 | _aMantilla Quijano, Alejandro | ||
| 245 | 1 | 0 |
_aEstas locomotoras necesitan frenos: _bentre los espacios basura y el mandato popular |
| 260 |
_aBogotá: _bCorporación para la Educación, el Desarrollo y la Investigación Popular, Instituto Nacional Sindical (CEDINS.) _c2012. |
||
| 300 |
_a61 páginas _bfotografías a color _c21 x 14cm |
||
| 650 | 1 | 4 |
_aTerritorio _xDisputa |
| 650 | 1 | 4 |
_aRestitución _xTierras |
| 650 | 1 | 4 | _aInversionistas |
| 650 | 1 | 4 | _aMinería |
| 650 | 1 | 4 | _aAlto Atrato |
| 650 | 1 | 4 | _aChocó |
| 650 | 1 | 4 | _aArauca |
| 650 | 1 | 4 | _aCatatumbo |
| 650 | 1 | 4 | _aSur de Bolívar |
| 942 |
_2ddc _cLIBRO |
||